• 首页
  • 本馆介绍
  • 公告通知
  • 最新文献
  • 馆藏检索
  • 电子资源
  • 读者导购
  • 参考咨询
  • 我的图书馆
  • 登录
  • 详细信息显示
  • 放入我的书架
  • 预约/预借图书
  • 作者相关作品
  • 分类相关作品
  • 丛书相关作品
  • 出版社相关作品

书目信息

  • 表格格式
  • 工作单格式
  • 卡片格式
题名:
位错
    
 
作者: 弗里埃德尔 编 ;王煜 译
分册:  
出版信息: 北京   科学出版社  1980.11
页数: 366页
开本: 26cm
丛书名:
单 册:
中图分类: O48
科图分类:
主题词: 固体物理学
电子资源:
ISBN:
000 00538nam0 2200193 45
001 0312221749
005 20060818105812.54
010    @dCNY3.60
100    @a20031222d1980 km y0chiy0120 ea
101    @achi
200 1  @a位错@AWei Cuo@f(法)弗里埃德尔编@F(fa)fu li ai de er bian@g王煜译@Gwang yu yi
210    @a北京@c科学出版社@d1980.11
215    @a366页@d26cm
606 0  @a固体物理学
690    @aO48@v3
701 0  @a弗里埃德尔@Afu li ai de er@4编
702  0 @a王煜@Awang yu@4译
801    @aCN@bTSTCL@c20060818
905    @a213230@dO48@e14
    
    位错/(法)弗里埃德尔编/王煜译.-北京:科学出版社,1980.11
    366页;26cm
    
    
    ISBN :CNY3.60
    
●
相关链接 在E读中查询图书 在五车中查询图书 在当当中查询图书 在豆瓣中查询图书


正题名:位错     索取号:O48/14         预约/预借

序号 登录号 条形码 馆藏地/架位号 状态 备注
1 0074316   001452902   密集书库/ [索取号:O48/14] 在馆    
2 0074317   001452868   第三借阅区/ [索取号:O48/14] 在馆    
3 0074318   001452877   密集书库/ [索取号:O48/14] 在馆    
4 0074319   001452911   密集书库/ [索取号:O48/14] 在馆    
5 0074320   001452886   第二样本阅览室/ [索取号:O48/14] 在馆    
6 0434007   204340070   密集书库/ [索取号:O48/14] 在馆    
7 0437828   204378280   密集书库/ [索取号:O48/14] 在馆    
8 0468654   204686544   密集书库/ [索取号:O48/14] 在馆    
唐山师范学院图书馆 欢迎您!
大连网信软件有限公司© 版权所有